Statistics for Sergio Agüero Goals 2015

Click here to take the quiz!

General Stats

  • This quiz has been taken 84 times
  • The average score is 9 of 17

Answer Stats

Answer% Correct
Liverpool1
90%
Chelsea1
85%
Newcastle United6
76%
Manchester United2
73%
Tottenham Hotspur1
70%
West Ham United1
58%
Sunderland1
55%
Aston Villa1
54%
Barcelona1
54%
Stoke City2
48%
Southampton1
45%
Paraguay1
41%
Queens Park Rangers3
41%
Uruguay1
41%
Bolivia3
37%
Ecuador1
31%
Borussia M'Gladbach1
17%

Score Distribution

Percentile by Number Answered

Percent of People with Each Score

Your Score History

You have not taken this quiz